[Event "GER-Cup17 qual-04 Server email"]
[Site "GER email"]
[Date "2008.09.10"]
[Round "?"]
[White "Leupold, Volker"]
[Black "Klodda, Lukas"]
[Result "1/2-1/2"]
[WhiteElo "2041"]
[BlackElo "2000"]
[PlyCount "62"]
[EventDate "2008.??.??"]
[EventType "tourn (corr)"]
[EventRounds "6"]
[EventCountry "GER"]
[SourceTitle "Corr 2011"]
[Source "ChessBase"]
[SourceDate "2010.08.31"]
[SourceVersion "1"]
[SourceVersionDate "2010.08.31"]
[SourceQuality "1"]

1. e4 c5 2. Nf3 Nc6 3. d4 cxd4 4. Nxd4 e5 5. Nb5 d6 6. N1c3 a6 7. Na3 b5 8. Nd5 Nf6 9. Bg5 Be7 10. Bxf6 Bxf6 11. c3 0-0 12. Nc2 Bg5 13. a4 bxa4 14. Rxa4 a5 15. Bc4 Ne7 16. 0-0 Bd7 17. Ra2 Nxd5 18. Bxd5 Rc8 19. g3 Qb6 20. Qf3 a4 21. h4 Bh6 22. Ne3 Bxe3 23. Qxe3 Qxe3 24. fxe3 h5 25. Kg2 Rb8 26. Rf2 Rb6 27. Ra1 g6 28. Raf1 Be8 29. g4 hxg4 30. Kg3 Kg7 31. Kxg4 f6 1/2-1/2